Social psychology and human nature / (Record no. 1693)

000 -LEADER
fixed length control field 01137cam a2200325 i 4500
001 - CONTROL NUMBER
control field 17451454
003 - CONTROL NUMBER IDENTIFIER
control field OSt
005 - DATE AND TIME OF LATEST TRANSACTION
control field 20150424105902.0
008 - FIXED-LENGTH DATA ELEMENTS--GENERAL INFORMATION
fixed length control field 120904s2014 cau b 001 0 eng
010 ## - LIBRARY OF CONGRESS CONTROL NUMBER
LC control number 2012948504
020 ## - INTERNATIONAL STANDARD BOOK NUMBER
International Standard Book Number 9781133957799 (student edition)
020 ## - INTERNATIONAL STANDARD BOOK NUMBER
International Standard Book Number 9781133957775
020 ## - INTERNATIONAL STANDARD BOOK NUMBER
International Standard Book Number 9781133957768 (looseleaf edition)
020 ## - INTERNATIONAL STANDARD BOOK NUMBER
International Standard Book Number 1133957765 (looseleaf edition)
040 ## - CATALOGING SOURCE
Original cataloging agency DLC
Language of cataloging eng
Transcribing agency DLC
Description conventions rda
042 ## - AUTHENTICATION CODE
Authentication code pcc
050 00 - LIBRARY OF CONGRESS CALL NUMBER
Classification number HM1033.B39 2014
100 1# - MAIN ENTRY--PERSONAL NAME
Personal name Baumeister, Roy F.
245 10 - TITLE STATEMENT
Title Social psychology and human nature /
Statement of responsibility, etc Roy F. Baumeister, Florida State University, Brad J. Bushman, The Ohio State University, VU (Free) University Amsterdam, the Netherlands.
250 ## - EDITION STATEMENT
Edition statement 3rd. ed.
260 ## - PUBLICATION, DISTRIBUTION, ETC. (IMPRINT)
Place of publication, distribution, etc Australia
Name of publisher, distributor, etc Cengage Learning
Date of publication, distribution, etc 2014
300 ## - PHYSICAL DESCRIPTION
Extent 1 volume (various pagings) ;
Dimensions 29 cm.
504 ## - BIBLIOGRAPHY, ETC. NOTE
Bibliography, etc Includes bibliographical references and index.
650 #0 - SUBJECT ADDED ENTRY--TOPICAL TERM
Topical term or geographic name as entry element Social psychology.
650 #0 - SUBJECT ADDED ENTRY--TOPICAL TERM
Topical term or geographic name as entry element Human behavior.
700 1# - ADDED ENTRY--PERSONAL NAME
Personal name Bushman, Brad J.
906 ## - LOCAL DATA ELEMENT F, LDF (RLIN)
a 7
b cbc
c orignew
d 3
e epcn
f 20
g y-gencatlg
942 ## - ADDED ENTRY ELEMENTS (KOHA)
Source of classification or shelving scheme
Koha item type Book
Holdings
Withdrawn status Lost status Source of classification or shelving scheme Damaged status Not for loan Home library Current library Shelving location Date acquired Total Checkouts Full call number Barcode Date last seen Copy number Price effective from Koha item type Date checked out Total Renewals
          Riara University Library Riara University Library General stack 24/04/2015   HM1033.B39 2014 5920/15 24/04/2015 C.1 24/04/2015 Book    
          Riara University Library Riara University Library General stack 24/04/2015 2 HM1033.B39 2014 5921/15 09/10/2017 C.2 24/04/2015 Book 14/09/2017  
          Riara University Library Riara University Library General stack 24/04/2015 2 HM1033.B39 2014 5922/15 05/03/2018 C.3 24/04/2015 Book 09/02/2018 1

Riara University Library,
P.O. Box 49940-00100,
Nairobi, Kenya.